[Event "AUTO-INT-2456"]
[Site "http://www.queenalice.com/game.php?id=1139957"]
[Date "2013.1.12"]
[Round "2"]
[White "kuntakinte"]
[Black "rbivanov"]
[Result "0-1"]
[WhiteElo "1738"]
[BlackElo "1672"]

1. e4 e5 2. Nf3 Nc6 3. Bc4 Bc5 4. O-O Nf6 5. a3 O-O 6. Nc3 Re8 7. Ng5 d5 8. exd5
Na5 9. Ba2 Nxd5 10. d3 h6 11. Nf3 Nxc3 12. Qe1 Nxa2 13. Rxa2 Bd4 14. c3 Bb6 15.
Qd1 Bg4 16. h3 Bxf3 17. Qxf3 f6 18. Qg3 Nb3 19. Bxh6 Re7 20. a4 Kh7 21. Be3 Qxd3
22. Bxb6 Qxg3 23. fxg3 axb6 24. Ra3 Nd2 25. Rd1 Nc4 26. Ra2 b5 27. b3 Ne3 28.
Rda1 bxa4 29. Rxa4 Rxa4 30. Rxa4 b6 31. c4 c5 32. Ra6 Rb7 33. g4 b5 34. cxb5
Rxb5 35. Ra3 Nc2 36. Ra2 Nd4 37. Ra6 Nxb3 38. Kf2 c4 0-1

[Event "AUTO-INT-2456"]
[Site "http://www.queenalice.com/game.php?id=1139958"]
[Date "2013.1.12"]
[Round "2"]
[White "rbivanov"]
[Black "kuntakinte"]
[Result "1-0"]
[WhiteElo "1634"]
[BlackElo "1758"]

1. d4 d5 2. c4 c6 3. Nc3 dxc4 4. e4 b5 5. b3 Qa5 6. Bd2 Qb6 7. Nf3 Bg4 8. Be2
Bxf3 9. Bxf3 e6 10. Be3 Bb4 11. Rc1 Qa5 12. Qc2 Bxc3+ 13. Qxc3 Nf6 14. Qxa5 O-O
15. bxc4 a6 16. cxb5 cxb5 17. e5 Nd5 18. Bxd5 exd5 19. a4 Nc6 20. Rxc6 bxa4 21.
Rxa6 Rac8 22. Qxa4 Rc7 23. O-O Rcc8 24. Ra1 g6 25. Bh6 Rfe8 26. Ra8 f6 27. Rxc8
Rxc8 28. Qd7 1-0

[Event "AUTO-INT-2456"]
[Site "http://www.queenalice.com/game.php?id=1139959"]
[Date "2013.1.12"]
[Round "2"]
[White "Antero"]
[Black "rbivanov"]
[Result "0-1"]
[WhiteElo "1555"]
[BlackElo "1660"]

1. e4 e5 2. Nf3 Nc6 3. Bc4 Nf6 4. Nc3 Bc5 5. O-O O-O 6. d3 h6 7. Re1 Re8 8. a3
a6 9. b4 Bd4 10. Nxd4 Nxd4 11. Be3 d6 12. Bxd4 exd4 13. Ne2 c5 14. Nf4 b5 15.
Bb3 Bg4 16. f3 Be6 17. Nxe6 fxe6 18. e5 dxe5 19. bxc5 Qc7 20. f4 exf4 21. Qf3
Nd5 22. Bxd5 exd5 23. Qxd5+ Kh8 24. c6 Rad8 25. Rxe8+ Rxe8 26. Rf1 Rf8 0-1

[Event "AUTO-INT-2456"]
[Site "http://www.queenalice.com/game.php?id=1139960"]
[Date "2013.1.12"]
[Round "2"]
[White "rbivanov"]
[Black "Antero"]
[Result "1-0"]
[WhiteElo "1647"]
[BlackElo "1568"]

1. d4 d5 2. c4 e6 3. Nc3 Nf6 4. Bg5 c6 5. Nf3 Be7 6. e3 O-O 7. Bxf6 Bxf6 8. Be2
Re8 9. O-O b6 10. a4 Na6 11. cxd5 exd5 12. b3 Bg4 13. Bxa6 Rb8 14. Be2 Qc7 15.
Ne1 Bf5 16. h3 a5 17. Nf3 Qd6 18. Qd2 Qb4 19. Rfc1 Qxb3 20. Qa2 Qb4 21. Qa3 Qxa3
22. Rxa3 Be6 23. Bd3 c5 24. Nb5 c4 25. Be2 Be7 26. Ra2 1-0

[Event "AUTO-INT-2634"]
[Site "http://www.queenalice.com/game.php?id=1181298"]
[Date "2013.5.14"]
[Round "1"]
[White "Amazona"]
[Black "rbivanov"]
[Result "1-0"]
[WhiteElo "1836"]
[BlackElo "1665"]

1. e4 e5 2. Nf3 Nc6 3. d4 exd4 4. Nxd4 Nxd4 5. Qxd4 d6 6. Nc3 Nf6 7. Bg5 Be7 8.
O-O-O O-O 9. Bc4 c5 10. Qd3 Nxe4 11. Bxe7 Qxe7 12. Nxe4 1-0

[Event "AUTO-INT-2634"]
[Site "http://www.queenalice.com/game.php?id=1181299"]
[Date "2013.5.14"]
[Round "1"]
[White "rbivanov"]
[Black "Amazona"]
[Result "0-1"]
[WhiteElo "1612"]
[BlackElo "1788"]

1. d4 d5 2. c4 e6 3. Nc3 Nf6 4. Bg5 Be7 5. e3 h6 6. Bh4 g5 7. Bg3 Nh5 8. Be5 Rg8
9. g4 Nf6 10. Nf3 a6 11. Qc2 Nxg4 12. h3 Nxe5 13. Nxe5 Bf6 0-1

[Event "AUTO-INT-2634"]
[Site "http://www.queenalice.com/game.php?id=1181314"]
[Date "2013.5.14"]
[Round "1"]
[White "rbivanov"]
[Black "FranzMeM"]
[Result "0-1"]
[WhiteElo "1603"]
[BlackElo "1505"]

1. d4 d5 2. c4 e6 3. Nc3 Bb4 4. Bd2 dxc4 5. e4 Qxd4 6. Nf3 Qc5 7. a3 Bxc3 8.
Bxc3 f6 9. Bb4 Qc6 10. e5 fxe5 11. Nxe5 Qb5 12. Qh5+ g6 13. Qg5 Nd7 14. Bxc4
Qxe5+ 15. Qe3 Qxe3+ 0-1

[Event "AUTO-INT-2634"]
[Site "http://www.queenalice.com/game.php?id=1181315"]
[Date "2013.5.14"]
[Round "1"]
[White "FranzMeM"]
[Black "rbivanov"]
[Result "1-0"]
[WhiteElo "1485"]
[BlackElo "1656"]

1. e4 e5 2. Nf3 Nc6 3. Bc4 Bc5 4. d3 h6 5. a3 Nf6 6. h3 O-O 7. Nc3 a6 8. Nd5
Nxd5 9. Bxd5 Ne7 10. Nxe5 Nxd5 11. exd5 Qf6 12. Nf3 Re8+ 13. Kf1 d6 14. c3 Qh4
15. Nxh4 1-0

[Event "AUTO-INT-2634"]
[Site "http://www.queenalice.com/game.php?id=1181316"]
[Date "2013.5.14"]
[Round "1"]
[White "rbivanov"]
[Black "Quiaseze"]
[Result "0-1"]
[WhiteElo "1633"]
[BlackElo "1754"]

1. d4 e6 2. c4 d5 3. Nc3 Bb4 4. Bd2 dxc4 5. e4 Qxd4 6. Nf3 Qf6 7. Bxc4 Nh6 8.
Bg5 Bxc3+ 9. bxc3 Qxc3+ 10. Kf1 Qxc4+ 11. Kg1 O-O 0-1

[Event "AUTO-INT-2634"]
[Site "http://www.queenalice.com/game.php?id=1181317"]
[Date "2013.5.14"]
[Round "1"]
[White "Quiaseze"]
[Black "rbivanov"]
[Result "1-0"]
[WhiteElo "1765"]
[BlackElo "1622"]

1. e4 e5 2. Bc4 Nf6 3. Qf3 Bc5 4. Qg3 g6 5. Qxe5+ Qe7 6. Nf3 Qxe5 7. Nxe5 Nxe4
8. O-O f6 9. Nf7 Rf8 10. Nh6 Nc6 11. d3 Nd4 12. Na3 1-0

[Event "ITZ x RIO"]
[Site "http://www.queenalice.com/game.php?id=1564576"]
[Date "2019.3.17"]
[Round "-"]
[White "rbivanov"]
[Black "tio_revas"]
[Result "0-1"]
[WhiteElo "1543"]
[BlackElo "1506"]

1. e4 d5 2. exd5 Qxd5 3. Nc3 Qd8 4. Bc4 Be6 5. Bxe6 fxe6 6. d4 Nf6 7. Nf3 Nbd7
8. O-O h5 9. Bf4 h4 10. h3 c6 11. Re1 Nh5 12. Bh2 Qb6 13. Rb1 g5 14. Nxg5 e5 15.
Bxe5 Nxe5 16. Rxe5 O-O-O 17. Nf7 Rxd4 18. Qe2 Nf4 0-1

[Event "AUTO-OPEN-4040"]
[Site "http://www.queenalice.com/game.php?id=1565371"]
[Date "2019.3.24"]
[Round "1"]
[White "rbivanov"]
[Black "Rasumichin"]
[Result "0-1"]
[WhiteElo "1517"]
[BlackElo "1824"]

1. e4 e5 2. Nf3 Nc6 3. Bb5 Nge7 4. d4 a6 5. Ba4 h6 6. dxe5 b5 7. Bb3 Ng6 8. Bf4
Nxf4 9. O-O Nxe5 10. Nxe5 Qg5 11. Bxf7+ Kd8 12. Ng4 h5 13. Ne3 Bc5 14. g3 Nh3+
15. Kg2 d6 16. Qd5 Nf4+ 0-1

[Event "AUTO-OPEN-4040"]
[Site "http://www.queenalice.com/game.php?id=1565372"]
[Date "2019.3.24"]
[Round "1"]
[White "Rasumichin"]
[Black "rbivanov"]
[Result "1-0"]
[WhiteElo "1828"]
[BlackElo "1513"]

1. e4 e5 2. Nf3 Nc6 3. Bc4 Bc5 4. Nc3 Nf6 5. d3 h6 6. Bd2 O-O 7. Qe2 d6 8. Be3
Bb6 9. Nd5 Nxd5 10. Bxd5 Bd7 11. d4 exd4 12. Bf4 Re8 13. Rd1 a6 14. O-O Qf6 15.
Qc4 Qxf4 16. Bxc6 Bxc6 17. Nxd4 1-0

[Event "AUTO-OPEN-4040"]
[Site "http://www.queenalice.com/game.php?id=1565373"]
[Date "2019.3.24"]
[Round "1"]
[White "rbivanov"]
[Black "wiktormool"]
[Result "0-1"]
[WhiteElo "1510"]
[BlackElo "2102"]

1. e4 c5 2. Nf3 Nc6 3. Bc4 e6 4. Nc3 a6 5. O-O b5 6. Be2 h6 7. d3 Bb7 8. Be3 Nf6
9. e5 Ng4 10. Nd2 Ngxe5 11. h3 Bd6 12. Nde4 Qe7 13. Nxd6+ Qxd6 0-1

[Event "AUTO-OPEN-4040"]
[Site "http://www.queenalice.com/game.php?id=1565374"]
[Date "2019.3.24"]
[Round "1"]
[White "wiktormool"]
[Black "rbivanov"]
[Result "1-0"]
[WhiteElo "2103"]
[BlackElo "1508"]

1. c4 e5 2. Nc3 Nf6 3. e4 Bc5 4. h3 c6 5. Nf3 d5 6. exd5 cxd5 7. Qa4+ Bd7 8. Qb3
b6 9. Nxe5 dxc4 10. Qxc4 O-O 11. Be2 Re8 12. Qxf7+ Kh8 13. Nxd7 Qxd7 14. Qxd7
1-0

[Event "AUTO-INT-3421"]
[Site "http://www.queenalice.com/game.php?id=1565639"]
[Date "2019.3.26"]
[Round "1"]
[White "rbivanov"]
[Black "AdilProf"]
[Result "0-1"]
[WhiteElo "1528"]
[BlackElo "1654"]

1. d4 e6 2. e4 d5 3. Nc3 dxe4 4. Nxe4 Be7 5. Nf3 Nf6 6. Bd3 Nxe4 7. Bxe4 Nd7 8.
O-O Nf6 9. Qe2 O-O 10. Bf4 c6 11. c4 Re8 12. Rad1 Nxe4 13. Qxe4 Bf6 0-1

[Event "AUTO-INT-3421"]
[Site "http://www.queenalice.com/game.php?id=1565640"]
[Date "2019.3.26"]
[Round "1"]
[White "AdilProf"]
[Black "rbivanov"]
[Result "1-0"]
[WhiteElo "1642"]
[BlackElo "1540"]

1. e4 e5 2. Nf3 Nc6 3. c3 Nf6 4. Qc2 g6 5. d4 d6 6. Bb5 Bd7 7. dxe5 dxe5 8. Bd3
Bg7 9. Bg5 O-O 10. Nbd2 a6 11. b4 b5 12. a3 Re8 13. O-O Be6 14. Rfd1 Qd7 15. c4
1-0